Diccionario de Lingüistica

Đã lưu trong:
Chi tiết về thư mục
Tác giả chính: Munin, Georges
Định dạng: Texto
Được phát hành: Buenos Aires: Labor
Các nhãn: Thêm thẻ
Không có thẻ, Là người đầu tiên thẻ bản ghi này!

MARC

LEADER 00000 a a2200000 04500
001 24828
003
040
090 |a R 178500  
100 |a Munin, Georges  
245 |a Diccionario de Lingüistica  
260 |a Buenos Aires:   |b Labor  
300 |a 249 p.  
999 |c 10858  |d 10858